Իվանճէլին / (Record no. 535501)
[ view plain ]
| 000 -LEADER | |
|---|---|
| fixed length control field | 02073nam a2200325 a 4500 |
| 001 - CONTROL NUMBER | |
| control field | 2023811 |
| 003 - CONTROL NUMBER IDENTIFIER | |
| control field | AM-YeHGA |
| 005 - DATE AND TIME OF LATEST TRANSACTION | |
| control field | 20251016130604.0 |
| 008 - FIXED-LENGTH DATA ELEMENTS--GENERAL INFORMATION | |
| fixed length control field | 250623s1903 tu ||||||||||||||1|arm|d |
| 040 ## - CATALOGING SOURCE | |
| Original cataloging agency | AM-YeHGA |
| 041 1# - LANGUAGE CODE | |
| Language code of text/sound track or separate title | arm |
| 100 1# - MAIN ENTRY--PERSONAL NAME | |
| Personal name | Լօնկֆէլլօ, Հ.Վ. |
| 245 10 - TITLE STATEMENT | |
| Title | Իվանճէլին / |
| Statement of responsibility, etc. | Հ.Վ. Լօնկֆէլլօ; Թարգմանիչ՝ Տ. Լիւլէճեան; Հրատարակութիւն Դաւթեան գործակալութեան. |
| 260 ## - PUBLICATION, DISTRIBUTION, ETC. | |
| Place of publication, distribution, etc. | Կ. Պոլիս : |
| Name of publisher, distributor, etc. | Ա.հ., |
| Date of publication, distribution, etc. | 1903. |
| 300 ## - PHYSICAL DESCRIPTION | |
| Extent | (4 գիրք 1 կազմի մեջ) ; 80 էջ |
| 500 ## - GENERAL NOTE | |
| General note | Տիտղոսաթերթին՝ Թերթօն «Բիւրակն»-ի, 32-րդ հրատարակութիւն Դաւթեան գործակալութեան: |
| 500 ## - GENERAL NOTE | |
| General note | Տպագրություն վայրի տվյալը վերցված է բնագրի վերջից, իսկ տպագրության թվականի տվյալը՝ Ա. Ղազիկյանից: |
| 500 ## - GENERAL NOTE | |
| General note | Ալիգ 4 |
| 501 ## - WITH NOTE | |
| With note | Կազմակից է` Սկովտիացի Օսսիան` Քերթուածք Գ դարուն : Թարգմ. ի գաղղ.՝ Պ.Յ. Ատրունի - Կ. Պոլիս : տպ. Ե.Մ. Տնտեսեան : 1876 ; Ճիւսթինեան, Րօս տը՝ Սոկրատի ոգին : Թարգմանեաց Յ. Սվաճեան - Զմիւռնիա : Ի տպարանի Արշալուսոյ Արարատեան : 1877 ; Մսերեան Գրիգոր՝ Համառօտ դիցաբանութիւն - Իզմիր : Տպագրութիւն Գ. Մսերեան : Ա.հ., 1878 |
| 650 14 - SUBJECT ADDED ENTRY--TOPICAL TERM | |
| Topical term or geographic name entry element | Անգլիական գրականություն |
| 700 1# - ADDED ENTRY--PERSONAL NAME | |
| Personal name | Սկովտիացի, Օսսիան |
| 700 1# - ADDED ENTRY--PERSONAL NAME | |
| Personal name | Ատրունի, Պետրոս Յ. |
| Relator term | թարգմանիչ |
| Dates associated with a name | 1862-1922 |
| Relationship | trl |
| 9 (RLIN) | 2481 |
| 700 1# - ADDED ENTRY--PERSONAL NAME | |
| Personal name | Ճիւսթինեան, Րօս տը |
| 700 1# - ADDED ENTRY--PERSONAL NAME | |
| Personal name | Սվաճեան, Յարութիւն |
| Dates associated with a name | 1831-1874 |
| Relator term | թարգմ. |
| Relationship | trl |
| 9 (RLIN) | 7009 |
| 700 1# - ADDED ENTRY--PERSONAL NAME | |
| Personal name | Մսերեան, Գրիգոր |
| Dates associated with a name | 1846-1893 |
| 9 (RLIN) | 6165 |
| 740 02 - ADDED ENTRY--UNCONTROLLED RELATED/ANALYTICAL TITLE | |
| Uncontrolled related/analytical title | Քերթուածք Գ դարուն |
| 740 02 - ADDED ENTRY--UNCONTROLLED RELATED/ANALYTICAL TITLE | |
| Uncontrolled related/analytical title | Սոկրատի ոգին |
| 740 02 - ADDED ENTRY--UNCONTROLLED RELATED/ANALYTICAL TITLE | |
| Uncontrolled related/analytical title | Համառօտ դիցաբանութիւն |
| 942 ## - ADDED ENTRY ELEMENTS (KOHA) | |
| Source of classification or shelving scheme | Universal Decimal Classification |
| Koha item type | Գրքեր / Books |
| Withdrawn status | Lost status | Source of classification or shelving scheme | Damaged status | Not for loan | Collection | Home library | Current library | Date acquired | Serial enumeration / chronology | Inventory number | Total checkouts | Full call number | Barcode | Date last seen | Price effective from | Koha item type | Public note |
|---|---|---|---|---|---|---|---|---|---|---|---|---|---|---|---|---|---|
| Universal Decimal Classification | Zhamkochyan Individual collection | Fundamental Scientific Library | Fundamental Scientific Library | 23/06/2025 | Ալիգ 4 | ժամ/2213 | Ժամ/571 | FL0690664 | 23/06/2025 | 23/06/2025 | Գրքեր / Books | ILL Non-Circ. |
ՀՀ Գիտությունների ազգային ակադեմիայի հիմնարար գիտական գրադարան = Fundamental Scientific Library of NAS RA
All site content, except where otherwise noted, is licensed under a